| 000 | 01660nam0a2200373 4500 | ||
|---|---|---|---|
| 001 | RU\NLR\bibl\1373707 | ||
| 005 | 20250615191318.0 | ||
| 010 |
_a978-5-9614-1025-9 _91500 |
||
| 021 |
_aRU _b2009-24793 _91468 |
||
| 035 | _aKML\BIBL\0000012172 | ||
| 035 | _a(NLR Aleph) 001365825 | ||
| 090 |
_a1010235 _c1010235 |
||
| 100 | _a20090331d2009 |||y0rusy50 ca | ||
| 101 | 1 |
_arus _ceng |
|
| 102 | _aRU | ||
| 105 | _aa ||||||||| | ||
| 200 | 1 |
_aЯпонские свечи _eметод анализа акций и фьючерсов, проверенный временем _fГрегори Моррис _gперевод с англ. [Б.А. Зуева] |
|
| 205 | _a4-е изд. | ||
| 210 |
_aМосква _cАльпина Бизнес Букс _d2009 |
||
| 215 |
_a307, [1] с. _cил. _d25 |
||
| 300 | _aЗагл. и авт. ориг.: Candlestick charting explained / Morris, Gregory | ||
| 454 | 0 |
_12001#$aCandlestick charting explained$fMorris, Gregory L. _1700#1$aMorris$bG. L.$gGregory L$4070 _tCandlestick charting explained _aMorris, Gregory L |
|
| 606 | 1 |
_aРынки финансовые _xГрафический анализ _92196000 _3RU\NLR\auth\661319821 |
|
| 686 |
_aУ053.826.229.2,0 _2rubbk |
||
| 686 |
_a0092 _aФинансы. Банковское дело. Денежное обращение. Ценные бумаги. Кредит _2TCC-BG |
||
| 686 | _aУ26(0)229.5 | ||
| 700 | 1 |
_aМоррис _bГ. Л. _gГрегори Л. _4070 |
|
| 801 | 0 |
_aRU _bРКП _c20090331 _grcr |
|
| 801 | 1 |
_aRU _bРГБ _c20090331 |
|
| 801 | 2 |
_aRU _bНБР Коми _c20090820 |
|
| 801 | 2 |
_aRU _bNLR _c20090527 _grcr |
|
| 942 | _cBOOK | ||
| 980 | _aNB | ||